000 00505nam a22001932 4500
001 0000001554
005 20170406113528.0
008 140117s xx 000 0 eng d
020 _c$
040 _aYour Holding Symbol
_cYour Holding Symbol
100 1 _aBull,Theodore.
245 1 0 _aRhodesian perspective.
250 _a ed.
260 _alondon :
_bMichael joseph,
_c1967.
300 _a184 p. ;
_c cm.
504 _aindex.
650 0 _azimbabwean history.
908 _a140117
999 _c1466
_d1466